000 01414nam0a2200313 4500
001 RU\NLR\bibl\1748843
005 20250616115751.0
010 _a978-5-288-05080-0
021 _aRU
_b2011-15265
_91083
035 _a(NLR Aleph) 001739714
090 _a1451624
_c1451624
100 _a20110321d2010 |||y0rusy50 ca
101 1 _arus
_ccat
102 _aRU
105 _ay |||||||||
200 1 _aСеренький городок
_dEl poble gris
_e[сборник рассказов]
_fСантьяго Русиньол
_gпер. с каталанского [Елены Зерновой]
_zcat
210 _aСанкт-Петербург
_cИзд-во С.-Петербургского университета
_d2010
215 _a238, [1] с.
_d17
300 _aАвт. также на каталанском яз.: Santiago Rusiñol
327 1 _aСодерж.: рассказы: Городок; Беко; Спокойная жизнь; Мухи; Детский сад; Старухи; Медвежья гостиница; Любовь; Игра; Крепость [и др.]
510 0 _6z45790
_aEl poble gris
_zcat
686 _aШ6(4Ис=К)07-4{Лх1590}
700 1 _aРусиньол
_f1861-1931
_gСантьяго
_4070
790 1 _6z45510
_aRusiñol
_bS.
_f1861-1931
_gSantiago
_4070
801 0 _aRU
_bNLR
_c20110321
_gRCR
801 1 _aRU
_bNLR
_c20110321
942 _cBOOK
980 _aNB